<?xml version="1.0" encoding="UTF-8"?>
<record
    xmlns:xsi="http://www.w3.org/2001/XMLSchema-instance"
    xsi:schemaLocation="http://www.loc.gov/MARC21/slim http://www.loc.gov/standards/marcxml/schema/MARC21slim.xsd"
    xmlns="http://www.loc.gov/MARC21/slim">

  <leader>00430nam a2200157   4500</leader>
  <controlfield tag="003">SEACOMEC</controlfield>
  <controlfield tag="005">20240807161031.0</controlfield>
  <controlfield tag="008">240807b        |||||||| |||| 00| 0 eng d</controlfield>
  <datafield tag="022" ind1=" " ind2=" ">
    <subfield code="c">300.00</subfield>
  </datafield>
  <datafield tag="040" ind1=" " ind2=" ">
    <subfield code="a">SEACOMEC</subfield>
  </datafield>
  <datafield tag="082" ind1=" " ind2=" ">
    <subfield code="a">004.21</subfield>
    <subfield code="b">K21</subfield>
  </datafield>
  <datafield tag="100" ind1=" " ind2=" ">
    <subfield code="a"> KAUJALGI, V B</subfield>
  </datafield>
  <datafield tag="245" ind1=" " ind2=" ">
    <subfield code="a">STRUCTURED SYSTEMS ANALYSIS AND DESIGN DATA FLOW APPROACH </subfield>
    <subfield code="c">V B  KAUJALGI, </subfield>
  </datafield>
  <datafield tag="260" ind1=" " ind2=" ">
    <subfield code="a">Hyderabad </subfield>
    <subfield code="b">Universities Press </subfield>
    <subfield code="c">1994</subfield>
  </datafield>
  <datafield tag="942" ind1=" " ind2=" ">
    <subfield code="c">BOOK</subfield>
  </datafield>
  <datafield tag="952" ind1=" " ind2=" ">
    <subfield code="0">0</subfield>
    <subfield code="1">0</subfield>
    <subfield code="2">ddc</subfield>
    <subfield code="4">0</subfield>
    <subfield code="7">0</subfield>
    <subfield code="a">SEACOMEC</subfield>
    <subfield code="b">SEACOMEC</subfield>
    <subfield code="d">2007-05-03</subfield>
    <subfield code="l">0</subfield>
    <subfield code="o">004.21 K21</subfield>
    <subfield code="p">6593</subfield>
    <subfield code="r">2024-08-07 16:11:35</subfield>
    <subfield code="w">2024-08-07</subfield>
    <subfield code="y">BOOK</subfield>
  </datafield>
  <datafield tag="952" ind1=" " ind2=" ">
    <subfield code="0">0</subfield>
    <subfield code="1">0</subfield>
    <subfield code="2">ddc</subfield>
    <subfield code="4">0</subfield>
    <subfield code="7">0</subfield>
    <subfield code="a">SEACOMEC</subfield>
    <subfield code="b">SEACOMEC</subfield>
    <subfield code="d">2007-05-03</subfield>
    <subfield code="l">0</subfield>
    <subfield code="o">004.21 K21</subfield>
    <subfield code="p">6594</subfield>
    <subfield code="r">2024-08-07 16:13:04</subfield>
    <subfield code="t">1</subfield>
    <subfield code="w">2024-08-07</subfield>
    <subfield code="y">BOOK</subfield>
  </datafield>
  <datafield tag="952" ind1=" " ind2=" ">
    <subfield code="0">0</subfield>
    <subfield code="1">0</subfield>
    <subfield code="2">ddc</subfield>
    <subfield code="4">0</subfield>
    <subfield code="7">0</subfield>
    <subfield code="a">SEACOMEC</subfield>
    <subfield code="b">SEACOMEC</subfield>
    <subfield code="d">2007-05-03</subfield>
    <subfield code="l">0</subfield>
    <subfield code="o">004.21 K21</subfield>
    <subfield code="p">6595</subfield>
    <subfield code="r">2024-08-07 16:13:04</subfield>
    <subfield code="t">2</subfield>
    <subfield code="w">2024-08-07</subfield>
    <subfield code="y">BOOK</subfield>
  </datafield>
  <datafield tag="999" ind1=" " ind2=" ">
    <subfield code="c">1539</subfield>
    <subfield code="d">1539</subfield>
  </datafield>
</record>
